000 00640nam a2200277Ia 4500
005 20260324144949.0
008 008 260324s9999 xx 000 0 eng d
020 _a9781351107211
037 _aEBOOK
040 _aCRL
040 _beng
040 _cCRL
041 _2eng
041 _aeng
084 _qCRL
100 _aP.T. Wanless
_91221256
245 0 _aTaxation in Centrally Planned Economies
260 _bTaylor and Francis
260 _c1985
365 _a
365 _b105
856 _uhttp://www.taylorfrancis.com/books/9781351107211
942 _cEBOOK
999 _c1828527
_d1828527